000
00213 a2200097 4500
001
25527
100
_a
Goodwin, L G
245
_a
Clossed Circuit Television
260
_a
_b
Foulsham-Sams
_c
090
_c
17251
_d
17251
942
_a
NUST-CAE
_c
M
_c
8060
999
_c
260600
_d
260600